[Event "ESP-ch Seniors 50"]
[Site "Altea"]
[Date "2021.11.05"]
[Round "7"]
[White "Ruiz Bellon, Manuel"]
[Black "Carbonell Bofill, Carlos Eloy"]
[Result "1-0"]
[WhiteElo "1973"]
[BlackElo "2049"]
[PlyCount "91"]
[EventDate "2021.10.31"]
[EventType "swiss"]
[EventRounds "9"]
[EventCountry "ESP"]
[SourceTitle "CBM 205 Extra"]
[Source "ChessBase"]
[SourceDate "2022.01.31"]
[SourceVersion "1"]
[SourceVersionDate "2022.01.31"]
[SourceQuality "1"]

1. Nf3 d5 2. g3 c6 3. Bg2 Bf5 4. c4 dxc4 5. Na3 Qd5 6. b3 cxb3 7. axb3 e6 8. Nc4 Qd8 9. 0-0 Nf6 10. d3 h6 11. e4 Bh7 12. Be3 Na6 13. Nfe5 Bb4 14. Rxa6 bxa6 15. Nxc6 Qc8 16. Nxb4 0-0 17. e5 Nd7 18. Bxa8 Qxa8 19. Nxa6 Rc8 20. Nb4 Qb8 21. Qd2 Nxe5 22. Nxe5 Qxe5 23. Bxa7 Bf5 24. f3 Bh3 25. Re1 Qb5 26. Re4 e5 27. Rh4 Ra8 28. Rxh3 Rxa7 29. Rh4 Qb6+ 30. Kg2 Ra3 31. Qb2 Ra5 32. Rc4 Rb5 33. Qd2 f5 34. d4 e4 35. fxe4 fxe4 36. d5 e3 37. Rc8+ Kf7 38. Qc2 Rxb4 39. Qf5+ Qf6 40. Rc7+ Kg8 41. Qxf6 gxf6 42. d6 Rd4 43. d7 Rd2+ 44. Kf1 Kf8 45. Rc8+ Ke7 46. d8Q+ 1-0

[Event "ESP-ch Seniors 50"]
[Site "Altea"]
[Date "2021.11.01"]
[Round "2"]
[White "Carbonell Bofill, Carlos Eloy"]
[Black "Mascarell Canet, Ricardo"]
[Result "0-1"]
[WhiteElo "2049"]
[BlackElo "1950"]
[PlyCount "72"]
[EventDate "2021.10.31"]
[EventType "swiss"]
[EventRounds "9"]
[EventCountry "ESP"]
[SourceTitle "CBM 205 Extra"]
[Source "ChessBase"]
[SourceDate "2022.01.31"]
[SourceVersion "1"]
[SourceVersionDate "2022.01.31"]
[SourceQuality "1"]

1. c4 Nf6 2. g3 g6 3. Bg2 Bg7 4. e4 d6 5. Ne2 0-0 6. d4 e5 7. h3 Nc6 8. d5 Ne7 9. g4 Nd7 10. g5 f5 11. gxf6 Nxf6 12. Be3 h6 13. Nd2 c5 14. b4 b6 15. a3 Nh5 16. Bf3 Nf4 17. h4 Bd7 18. Qb3 Qe8 19. Rh2 Kh8 20. Rb1 Ba4 21. Qc3 Rc8 22. b5 Ra8 23. Bxf4 exf4 24. Qd3 a6 25. Nc3 axb5 26. cxb5 Nf5 27. Nc4 Nd4 28. Nxa4 Rxa4 29. Kf1 Rxc4 30. Bd1 Nb3 31. Bxb3 Rc3 32. Qd1 Qxe4 33. a4 c4 34. Ba2 f3 35. Rc1 Qe2+ 36. Kg1 Qxa2 0-1

[Event "ESP-ch 84th"]
[Site "Marbella"]
[Date "2019.11.24"]
[Round "9"]
[White "Carbonell Bofill, Carlos Eloy"]
[Black "Medarde Santiago, Luis Marcos"]
[Result "0-1"]
[WhiteElo "2098"]
[BlackElo "2285"]
[PlyCount "76"]
[EventDate "2019.11.16"]
[EventType "swiss"]
[EventRounds "9"]
[EventCountry "ESP"]
[SourceTitle "CBM 193 Extra"]
[Source "ChessBase"]
[SourceDate "2020.01.31"]
[SourceVersion "1"]
[SourceVersionDate "2020.01.31"]
[SourceQuality "1"]

1. d4 Nf6 2. g3 c5 3. d5 e6 4. c4 exd5 5. cxd5 d6 6. Nc3 g6 7. Qa4+ Nbd7 8. g4 a6 9. g5 Nh5 10. f4 h6 11. f5 hxg5 12. fxg6 f5 13. Nf3 Be7 14. h4 gxh4 15. Nxh4 b5 16. Nxb5 axb5 17. Qxa8 Bxh4+ 18. Kd1 Bf6 19. Bg5 Bxg5 20. g7 Rg8 21. Rxh5 Kf7 22. Bh3 Kg6 23. Rh8 Rxh8 24. gxh8R Qxh8 25. Kc2 Nb6 26. Qa5 Nc4 27. Qxb5 Na3+ 28. bxa3 Qxa1 29. Qe8+ Kg7 30. Qxc8 Qxa2+ 31. Kc3 Qxa3+ 32. Kc2 Qc1+ 33. Kb3 Qb1+ 34. Kc3 Qb4+ 35. Kc2 Qc4+ 36. Kb2 Bf6+ 37. Kb1 Qb3+ 38. Kc1 Bg5+ 0-1

[Event "Mislata op-B 53rd"]
[Site "Mislata"]
[Date "2019.08.23"]
[Round "7"]
[White "Valero Fuertes, Carlos"]
[Black "Carbonell Bofill, Carlos Eloy"]
[Result "1/2-1/2"]
[WhiteElo "2034"]
[BlackElo "2071"]
[PlyCount "27"]
[EventDate "2019.08.19"]
[EventType "swiss"]
[EventRounds "9"]
[EventCountry "ESP"]
[SourceTitle "EXT 2021"]
[Source "ChessBase"]
[SourceDate "2020.10.23"]
[SourceVersion "1"]
[SourceVersionDate "2020.10.23"]
[SourceQuality "1"]

1. d4 Nf6 2. Nf3 g6 3. g3 Bg7 4. Bg2 0-0 5. c4 c6 6. 0-0 e6 7. Nc3 d5 8. Qb3 Nbd7 9. Bg5 h6 10. Bf4 dxc4 11. Qxc4 Nd5 12. Bd2 Kh7 13. e4 Nxc3 14. bxc3 1/2-1/2

[Event "Mislata op-B 53rd"]
[Site "Mislata"]
[Date "2019.08.22"]
[Round "5"]
[White "Costa Grau, Adrian"]
[Black "Carbonell Bofill, Carlos Eloy"]
[Result "0-1"]
[WhiteElo "2006"]
[BlackElo "2071"]
[PlyCount "52"]
[EventDate "2019.08.19"]
[EventType "swiss"]
[EventRounds "9"]
[EventCountry "ESP"]
[SourceTitle "EXT 2021"]
[Source "ChessBase"]
[SourceDate "2020.10.23"]
[SourceVersion "1"]
[SourceVersionDate "2020.10.23"]
[SourceQuality "1"]

1. e4 e6 2. d4 d5 3. Nc3 Nf6 4. Bg5 dxe4 5. Nxe4 Bd7 6. Nf3 Bc6 7. Bd3 Nbd7 8. Qe2 Be7 9. Nxf6+ Nxf6 10. Bd2 0-0 11. c3 Qd5 12. c4 Qh5 13. 0-0-0 Bxf3 14. gxf3 Rad8 15. Bc3 c6 16. Rhg1 b5 17. c5 Rd5 18. Bc2 Rfd8 19. Rg3 g6 20. Bb3 b4 21. Bxd5 Qxd5 22. Bxb4 Qxa2 23. f4 Qa1+ 24. Kc2 Qa4+ 25. b3 Qa2+ 26. Kd3 Qxb3+ 0-1

[Event "Sueca op 5th"]
[Site "Sueca"]
[Date "2019.07.28"]
[Round "9"]
[White "Carbonell Bofill, Carlos Eloy"]
[Black "Valmana Canto, Jaime"]
[Result "0-1"]
[WhiteElo "2115"]
[BlackElo "2401"]
[PlyCount "132"]
[EventDate "2019.07.22"]
[EventType "swiss"]
[EventRounds "9"]
[EventCountry "ESP"]
[SourceTitle "EXT 2020"]
[Source "ChessBase"]
[SourceDate "2019.10.17"]
[SourceVersion "1"]
[SourceVersionDate "2019.10.17"]
[SourceQuality "1"]

1. h3 c5 2. c3 Nf6 3. d4 e6 4. e3 b6 5. Nd2 cxd4 6. exd4 Bb7 7. Ngf3 Be7 8. Bd3 0-0 9. Qe2 d6 10. Ne4 Nxe4 11. Bxe4 Bxe4 12. Qxe4 Nd7 13. Bf4 Nf6 14. Qe2 Nd5 15. Bh2 b5 16. 0-0 Qd7 17. Rfe1 Rfc8 18. Nd2 Bf8 19. h4 Rc7 20. a3 Rac8 21. Nb3 Qc6 22. f4 Qc4 23. Qd1 Ne7 24. h5 Qd5 25. Re3 Nf5 26. Rh3 Be7 27. Nd2 a5 28. g4 Nh6 29. g5 Nf5 30. Qb3 Qxb3 31. Nxb3 b4 32. axb4 axb4 33. cxb4 Rb7 34. Rc3 Re8 35. Ra4 Reb8 36. Na5 Rxb4 37. Nc6 Rxa4 38. Nxb8 f6 39. g6 hxg6 40. hxg6 Bf8 41. Rc8 Ne7 42. Re8 Nxg6 43. Rxe6 Kf7 44. f5 Nh4 45. Nc6 Ra8 46. d5 Nxf5 47. b4 Ne7 48. Rxd6 Ra1+ 49. Kg2 Ra2+ 50. Kh1 Nxc6 51. Rd7+ Ne7 52. d6 Ke6 53. dxe7 Bxe7 54. Rb7 g5 55. b5 Bd6 56. Bg1 f5 57. Rg7 g4 58. b6 Be5 59. b7 Rb2 60. Rg6+ Kd5 61. Bb6 g3 62. Kg1 f4 63. Ba5 Rxb7 64. Kg2 Ke4 65. Rg4 Rb2+ 66. Kh3 Rh2# 0-1

[Event "Sueca op 5th"]
[Site "Sueca"]
[Date "2019.07.25"]
[Round "5"]
[White "Luque Saiz, Andres"]
[Black "Carbonell Bofill, Carlos Eloy"]
[Result "1/2-1/2"]
[WhiteElo "1988"]
[BlackElo "2115"]
[PlyCount "85"]
[EventDate "2019.07.22"]
[EventType "swiss"]
[EventRounds "9"]
[EventCountry "ESP"]
[SourceTitle "EXT 2020"]
[Source "ChessBase"]
[SourceDate "2019.10.17"]
[SourceVersion "1"]
[SourceVersionDate "2019.10.17"]
[SourceQuality "1"]

1. e4 e6 2. d4 d5 3. Nd2 h6 4. Bd3 c5 5. dxc5 Nf6 6. exd5 Qxd5 7. Ngf3 Bxc5 8. 0-0 Nc6 9. Nb3 Bb6 10. Qe2 0-0 11. Rd1 Qh5 12. Bf4 Rd8 13. Bg3 Bd7 14. c3 Re8 15. Ne5 Nxe5 16. Qxh5 Nxh5 17. Bxe5 Rad8 18. Be2 Nf6 19. Bf3 Bc8 20. c4 Kh7 21. g3 Rxd1+ 22. Rxd1 Rd8 23. Rxd8 Bxd8 24. Bb8 a5 25. Nc5 b6 26. Nb7 Bxb7 27. Bxb7 Nd7 28. Bd6 Nc5 29. Bc6 f5 30. a3 Nb3 31. Ba4 Nd2 32. Bb5 Ne4 33. Be5 Be7 34. Bd4 Nc5 35. Kf1 g5 36. Ke2 g4 37. b4 axb4 38. axb4 Nb3 39. Bxb6 Bxb4 40. Kd3 Kg6 41. Be3 e5 42. Be8+ Kg7 43. Bd7 1/2-1/2

[Event "Rutas de Cuenca op 6th"]
[Site "Cuenca"]
[Date "2019.07.20"]
[Round "5"]
[White "Ponce Navalon, Jose"]
[Black "Carbonell Bofill, Carlos Eloy"]
[Result "1/2-1/2"]
[WhiteElo "2023"]
[BlackElo "2115"]
[PlyCount "119"]
[EventDate "2019.07.19"]
[EventType "swiss"]
[EventRounds "7"]
[EventCountry "ESP"]
[SourceTitle "CBM 195 Extra"]
[Source "ChessBase"]
[SourceDate "2020.05.31"]
[SourceVersion "1"]
[SourceVersionDate "2020.05.31"]
[SourceQuality "1"]

1. e4 e6 2. d4 d5 3. Nd2 dxe4 4. Nxe4 Bd7 5. Nf3 Bc6 6. Bd3 Nd7 7. 0-0 Ngf6 8. Ng3 h5 9. c4 h4 10. d5 hxg3 11. dxc6 gxf2+ 12. Kh1 bxc6 13. Qa4 Nh5 14. g4 Ng3+ 15. Kg2 Nxf1 16. Bxf1 c5 17. Bg5 f6 18. Be3 Bd6 19. b4 Kf7 20. Rd1 Qe8 21. h3 Rb8 22. a3 cxb4 23. axb4 Rxb4 24. Qxa7 Qa8 25. Rxd6 Qxa7 26. Rxd7+ Ke8 27. Bxa7 Kxd7 28. Bxf2 Ra8 29. Nd4 Ra2 30. Kf3 c5 31. Nb5 Rb3+ 32. Be3 g5 33. Be2 f5 34. Bd1 Rxe3+ 35. Kxe3 Rh2 36. Bf3 Rxh3 37. Kf2 Ke7 38. Kg2 Rh4 39. Nc3 Kd6 40. Na4 fxg4 41. Be2 Rh3 42. Bxg4 Ra3 43. Bd1 e5 44. Nb6 e4 45. Nd5 Ke5 46. Kf2 Kd4 47. Be2 Rh3 48. Kg2 Rb3 49. Kf2 Rb7 50. Ke1 e3 51. Kd1 Rb1+ 52. Kc2 Re1 53. Nc3 Rxe2+ 54. Nxe2+ Kxc4 55. Ng1 Kb4 56. Kd3 c4+ 57. Kxe3 c3 58. Ne2 c2 59. Kd3 Kb3 60. Nd4+ 1/2-1/2

[Event "Las Palmas Montalvo Memorial 12th"]
[Site "Las Palmas"]
[Date "2019.04.19"]
[Round "8"]
[White "Ulybin, Mikhail"]
[Black "Carbonell Bofill, Carlos Eloy"]
[Result "1-0"]
[WhiteElo "2475"]
[BlackElo "2073"]
[PlyCount "55"]
[EventDate "2019.04.13"]
[EventType "swiss"]
[EventRounds "9"]
[EventCountry "ESP"]
[SourceTitle "CBM 189 Extra"]
[Source "ChessBase"]
[SourceDate "2019.06.03"]
[SourceVersion "1"]
[SourceVersionDate "2019.06.03"]
[SourceQuality "1"]

1. e4 e6 2. d4 d5 3. Nd2 c5 4. Ngf3 cxd4 5. Nxd4 Nc6 6. Bb5 Nge7 7. 0-0 Bd7 8. N4f3 g6 9. exd5 exd5 10. Nb3 Bg7 11. Re1 0-0 12. Bg5 Re8 13. c3 h6 14. Bh4 Qb6 15. Bxc6 Nxc6 16. Qxd5 Rxe1+ 17. Rxe1 Be6 18. Qd1 a5 19. Qc2 Rc8 20. Rxe6 fxe6 21. Qxg6 Nd8 22. Bf6 Qc7 23. Ne5 Kf8 24. Nc5 Bxf6 25. Ncd7+ Ke7 26. Qxf6+ Kd6 27. Qf8+ Kd5 28. c4+ 1-0

[Event "Las Palmas Montalvo Memorial 12th"]
[Site "Las Palmas"]
[Date "2019.04.17"]
[Round "6"]
[White "Carbonell Bofill, Carlos Eloy"]
[Black "Rodriguez Melian, Jose Luis"]
[Result "1/2-1/2"]
[WhiteElo "2073"]
[BlackElo "2107"]
[PlyCount "61"]
[EventDate "2019.04.13"]
[EventType "swiss"]
[EventRounds "9"]
[EventCountry "ESP"]
[SourceTitle "CBM 189 Extra"]
[Source "ChessBase"]
[SourceDate "2019.06.03"]
[SourceVersion "1"]
[SourceVersionDate "2019.06.03"]
[SourceQuality "1"]

1. d4 Nf6 2. Nf3 g6 3. g3 Bg7 4. Bg2 0-0 5. 0-0 d5 6. b3 c5 7. Bb2 Nc6 8. e3 Ne4 9. Nbd2 Nxd2 10. Qxd2 Bf5 11. Nh4 Be6 12. f4 cxd4 13. exd4 Bf5 14. Nxf5 gxf5 15. Rfd1 e6 16. Rac1 Rc8 17. h3 Qb6 18. Kh2 Rfd8 19. c3 a6 20. Rc2 Nb8 21. Ba3 Nd7 22. Be7 Re8 23. Bg5 Nf6 24. Bxf6 Bxf6 25. Qd3 Qb5 26. c4 dxc4 27. Rxc4 Rxc4 28. Qxc4 Qxc4 29. bxc4 Re7 30. Bf3 Kg7 31. Kg2 1/2-1/2

[Event "Benimodo Igualtat"]
[Site "Benimodo"]
[Date "2018.08.18"]
[Round "7.8"]
[White "Carbonell Bofill, Carlos Eloy"]
[Black "Pradas Soria, Ernesto"]
[Result "1-0"]
[WhiteElo "2117"]
[BlackElo "1584"]
[PlyCount "85"]
[EventDate "2018.08.14"]
[EventType "swiss"]
[EventRounds "7"]
[EventCountry "ESP"]
[SourceTitle "EXT 2024"]
[Source "ChessBase"]
[SourceDate "2023.10.10"]
[SourceVersion "1"]
[SourceVersionDate "2023.10.10"]
[SourceQuality "1"]

1. c4 Nf6 2. Nc3 e5 3. g3 Bb4 4. Bg2 0-0 5. Nf3 Nc6 6. Nd5 Bc5 7. d3 h6 8. 0-0 d6 9. e3 Nxd5 10. cxd5 Ne7 11. d4 exd4 12. Nxd4 Nf5 13. Ne2 Qf6 14. Rb1 a5 15. b3 Re8 16. Kh1 Bd7 17. e4 Ne7 18. Bb2 Qg5 19. f4 Qh5 20. f5 f6 21. Bf3 Qf7 22. Nf4 Qf8 23. Bh5 Red8 24. Qg4 Kh8 25. Rbc1 Bb6 26. Qh4 Qg8 27. Bxf6 gxf6 28. Qxf6+ Qg7 29. Qxe7 Qxe7 30. Ng6+ Kg7 31. Nxe7 Kf6 32. Ng6 Re8 33. Bf3 Rac8 34. Kg2 Bd4 35. Rfd1 Bb2 36. Rc2 Ba3 37. h4 c6 38. dxc6 Bxc6 39. Nf4 Re5 40. g4 Ree8 41. Kg3 Bb5 42. Nd5+ Kf7 43. Rc7+ 1-0

[Event "Benimodo op U2200 12th"]
[Site "Benimodo"]
[Date "2017.08.20"]
[Round "7"]
[White "Bertomeu Ginestar, Antoni"]
[Black "Carbonell Bofill, Carlos Eloy"]
[Result "1-0"]
[WhiteElo "1815"]
[BlackElo "2105"]
[PlyCount "95"]
[EventDate "2017.08.18"]
[EventType "swiss"]
[EventRounds "7"]
[EventCountry "ESP"]
[SourceTitle "EXT 2019"]
[Source "ChessBase"]
[SourceDate "2018.10.10"]
[SourceVersion "1"]
[SourceVersionDate "2018.10.10"]
[SourceQuality "1"]

1. e4 e6 2. d4 d5 3. Nd2 dxe4 4. Nxe4 Bd7 5. Nf3 Bc6 6. Bd3 Nd7 7. 0-0 Ngf6 8. Bg5 Be7 9. Nxf6+ gxf6 10. Bf4 Nb6 11. c3 Bd6 12. Bg3 f5 13. Re1 f4 14. Bh4 Bxf3 15. Bxd8 Bxd1 16. Bf6 0-0 17. Raxd1 Nd5 18. Be5 Rad8 19. a3 f6 20. Bxd6 Rxd6 21. c4 Ne7 22. c5 Rd7 23. Rxe6 Ng6 24. Bb5 c6 25. Bc4 Kg7 26. d5 Ne5 27. Bb3 cxd5 28. Rxd5 Rxd5 29. Bxd5 Rd8 30. Rd6 Rxd6 31. cxd6 b6 32. f3 Nf7 33. d7 Nd8 34. Kf2 f5 35. Ke2 Kf6 36. Kd3 Ke5 37. Kc4 h6 38. h3 Kd6 39. Kd4 b5 40. b3 a5 41. h4 h5 42. a4 bxa4 43. bxa4 Kxd7 44. Ke5 Nc6+ 45. Bxc6+ Kxc6 46. Kxf4 Kc5 47. Kxf5 Kb4 48. g4 1-0

[Event "Benimodo op U2200 12th"]
[Site "Benimodo"]
[Date "2017.08.19"]
[Round "3"]
[White "Carbonell Bofill, Carlos Eloy"]
[Black "Albert Garrote, Amadeo"]
[Result "1/2-1/2"]
[WhiteElo "2105"]
[BlackElo "1825"]
[PlyCount "155"]
[EventDate "2017.08.18"]
[EventType "swiss"]
[EventRounds "7"]
[EventCountry "ESP"]
[SourceTitle "EXT 2019"]
[Source "ChessBase"]
[SourceDate "2018.10.10"]
[SourceVersion "1"]
[SourceVersionDate "2018.10.10"]
[SourceQuality "1"]

1. Nf3 d6 2. d4 f5 3. c4 Nf6 4. Nc3 g6 5. g3 Bg7 6. Bg2 0-0 7. 0-0 c6 8. Re1 Qc7 9. e4 fxe4 10. Nxe4 Nxe4 11. Rxe4 Bf5 12. Re1 a5 13. Bg5 e5 14. dxe5 dxe5 15. c5 Na6 16. Qd6 Rfe8 17. Nh4 Re6 18. Qxc7 Nxc7 19. Rad1 Na6 20. Nxf5 gxf5 21. Bh3 Rf8 22. Rd8 Nxc5 23. Bxf5 Ree8 24. Rxe8 Rxe8 25. f3 h6 26. Bd2 Ra8 27. Rc1 Na4 28. b3 Nb6 29. Rc5 a4 30. Be6+ Kf8 31. Ba5 Ke7 32. Bxb6 Kxe6 33. b4 e4 34. Rc4 exf3 35. Kf2 Kd5 36. Rg4 Bf8 37. a3 c5 38. b5 Re8 39. Kxf3 Re6 40. Ba7 b6 41. Rxa4 c4 42. Bb8 c3 43. Bf4 Re1 44. Ra8 Bc5 45. Bxh6 c2 46. Rd8+ Kc4 47. a4 c1Q 48. Bxc1 Rxc1 49. Ra8 Kb4 50. h4 Rf1+ 51. Ke4 Rg1 52. Kf3 Bd6 53. Ra6 Rxg3+ 54. Ke4 Bc5 55. Kd5 Rg6 56. Ra8 Rh6 57. h5 Rxh5+ 58. Kc6 Rh6+ 59. Kb7 Rh1 60. Rg8 Kxa4 61. Ka6 Rh4 62. Re8 Kb3 63. Re1 Ra4+ 64. Kb7 Ra5 65. Kc6 Ra7 66. Rb1+ Kc2 67. Rh1 Rf7 68. Rh3 Bf2 69. Ra3 Rf5 70. Ra2+ Kb3 71. Rxf2 Rxf2 72. Kxb6 Ka4 73. Ka6 Kb4 74. b6 Rf6 75. Ka7 Ka5 76. b7 Ra6+ 77. Kb8 Rh6 78. Ka8 1/2-1/2

[Event "Valencia Don Quijote Memorial"]
[Site "Valencia"]
[Date "2015.07.09"]
[Round "8"]
[White "Tortosa Fito, Sergio"]
[Black "Carbonell Bofill, Carlos Eloy"]
[Result "0-1"]
[WhiteElo "1912"]
[BlackElo "2123"]
[PlyCount "66"]
[EventDate "2015.06.30"]
[EventType "tourn"]
[EventRounds "9"]
[EventCountry "ESP"]
[SourceTitle "CBM 167 Extra"]
[Source "ChessBase"]
[SourceDate "2015.09.14"]
[SourceVersion "1"]
[SourceVersionDate "2015.09.14"]
[SourceQuality "1"]

1. e4 e6 2. d4 d5 3. Nd2 b6 4. Bd3 Ba6 5. Qe2 Bxd3 6. Qxd3 Nf6 7. Ngf3 c5 8. 0-0 Nc6 9. Qb5 Qd7 10. exd5 Nxd5 11. dxc5 a6 12. Qa4 b5 13. Qg4 f5 14. Qh5+ g6 15. Qg5 Bxc5 16. a4 0-0 17. c4 bxc4 18. Nxc4 Nf6 19. Be3 Ne4 20. Qh6 Rad8 21. Bxc5 Nxc5 22. Nce5 Nxe5 23. Nxe5 Qd2 24. f4 Qxb2 25. Rab1 Qd4+ 26. Kh1 Ne4 27. Nxg6 hxg6 28. Qxg6+ Qg7 29. Qxe6+ Rf7 30. Rb7 Rd6 31. Rb8+ Kh7 32. Qc8 Rd2 33. g3 Nxg3+ 0-1

[Event "Valencia Don Quijote Memorial"]
[Site "Valencia"]
[Date "2015.07.07"]
[Round "6"]
[White "Paris Turegano, Javier"]
[Black "Carbonell Bofill, Carlos Eloy"]
[Result "0-1"]
[WhiteElo "1896"]
[BlackElo "2123"]
[PlyCount "66"]
[EventDate "2015.06.30"]
[EventType "tourn"]
[EventRounds "9"]
[EventCountry "ESP"]
[SourceTitle "CBM 167 Extra"]
[Source "ChessBase"]
[SourceDate "2015.09.14"]
[SourceVersion "1"]
[SourceVersionDate "2015.09.14"]
[SourceQuality "1"]

1. Nc3 d5 2. d4 Bf5 3. e4 dxe4 4. f3 Nf6 5. Bg5 Nbd7 6. Bc4 h6 7. Bxf6 Nxf6 8. Qe2 Qxd4 9. Rd1 Qb6 10. fxe4 Bg4 11. Nf3 e6 12. e5 Nd7 13. Qe4 Bf5 14. Qd4 0-0-0 15. Qxb6 axb6 16. Bd3 Bg4 17. Be4 Bb4 18. 0-0 Bxc3 19. bxc3 Bxf3 20. gxf3 Nxe5 21. Rd4 c5 22. Ra4 f5 23. f4 Nf7 24. Bg2 Rd6 25. Ra7 Nd8 26. Ra8+ Kc7 27. a4 g5 28. fxg5 hxg5 29. Rb1 Rh7 30. a5 Rhd7 31. Rb5 Rd1+ 32. Kf2 R7d2+ 33. Kf3 Rxc2 0-1

[Event "Valencia Don Quijote Memorial"]
[Site "Valencia"]
[Date "2015.07.02"]
[Round "3"]
[White "Carbonell Bofill, Carlos Eloy"]
[Black "Gerona Maura, Jesus"]
[Result "1-0"]
[WhiteElo "2123"]
[BlackElo "1936"]
[PlyCount "41"]
[EventDate "2015.06.30"]
[EventType "tourn"]
[EventRounds "9"]
[EventCountry "ESP"]
[SourceTitle "CBM 167 Extra"]
[Source "ChessBase"]
[SourceDate "2015.09.14"]
[SourceVersion "1"]
[SourceVersionDate "2015.09.14"]
[SourceQuality "1"]

1. Nf3 c5 2. c3 d5 3. b4 cxb4 4. cxb4 Qd6 5. e3 e5 6. Nc3 Bd7 7. a4 Nf6 8. Ba3 e4 9. b5 Qc7 10. Bxf8 Rxf8 11. Rc1 exf3 12. Nxd5 Nxd5 13. Rxc7 Nxc7 14. Qxf3 b6 15. Bd3 f5 16. 0-0 Be6 17. Rc1 Bd5 18. Qh5+ g6 19. Qxh7 Rf7 20. Qxg6 Ne6 21. Bxf5 1-0

[Event "Valencia Don Quijote Memorial"]
[Site "Valencia"]
[Date "2015.07.01"]
[Round "2"]
[White "Selva Salvador, Antonio"]
[Black "Carbonell Bofill, Carlos Eloy"]
[Result "0-1"]
[WhiteElo "1889"]
[BlackElo "2123"]
[PlyCount "66"]
[EventDate "2015.06.30"]
[EventType "tourn"]
[EventRounds "9"]
[EventCountry "ESP"]
[SourceTitle "CBM 167 Extra"]
[Source "ChessBase"]
[SourceDate "2015.09.14"]
[SourceVersion "1"]
[SourceVersionDate "2015.09.14"]
[SourceQuality "1"]

1. a3 d5 2. Nf3 Nf6 3. c4 c6 4. e3 Bf5 5. d4 Nbd7 6. Nc3 e6 7. Be2 h6 8. b4 dxc4 9. Bxc4 Bd6 10. Bb2 e5 11. Qb3 0-0 12. 0-0-0 Qe7 13. h3 b5 14. Be2 a5 15. g4 Bh7 16. g5 hxg5 17. Nxg5 Bg6 18. h4 axb4 19. axb4 exd4 20. Rxd4 c5 21. Rxd6 Qxd6 22. Nxb5 Qc6 23. f3 cxb4+ 24. Kd1 Ng4 25. Nd4 Qd5 26. Bc4 Qxc4 27. fxg4 Qxb3+ 28. Nxb3 Ra2 29. Rh2 f6 30. h5 Bh7 31. Ne6 Re8 32. Nbd4 Ne5 33. g5 Ng4 0-1

[Event "Cullera exhibicion op"]
[Site "Cullera"]
[Date "2013.04.03"]
[Round "5"]
[White "Carbonell Bofill, Carlos Eloy"]
[Black "Mingarro Carceller, Sergi"]
[Result "1/2-1/2"]
[WhiteElo "2206"]
[BlackElo "2210"]
[PlyCount "51"]
[EventDate "2013.04.01"]
[EventType "swiss"]
[EventRounds "6"]
[EventCountry "ESP"]
[SourceTitle "EXT 2015"]
[Source "ChessBase"]
[SourceDate "2014.11.20"]
[SourceVersion "1"]
[SourceVersionDate "2014.11.20"]
[SourceQuality "1"]

1. Nf3 Nf6 2. d4 d5 3. Bg5 e6 4. Nbd2 h6 5. Bxf6 Qxf6 6. e4 c5 7. c3 Nc6 8. exd5 exd5 9. dxc5 Bxc5 10. Nb3 Bb6 11. Be2 0-0 12. 0-0 Rd8 13. Nfd4 Ne5 14. a4 a6 15. Nd2 Bc7 16. Re1 Ng6 17. Bf1 Ne5 18. g3 Bg4 19. f3 Bh5 20. Be2 Bb6 21. Kg2 Bg6 22. Nf1 Bxd4 23. Qxd4 Qd6 24. Rad1 Nc6 25. Qb6 Ne7 26. Qxd6 1/2-1/2

[Event "Valencia-ch"]
[Site "Valencia"]
[Date "2012.04.21"]
[Round "5"]
[White "Carbonell Bofill, Carlos Eloy"]
[Black "Aymerich Rosell, Pablo"]
[Result "1-0"]
[WhiteElo "2208"]
[BlackElo "2088"]
[PlyCount "71"]
[EventDate "2012.04.14"]
[EventType "swiss"]
[EventRounds "7"]
[EventCountry "ESP"]
[SourceTitle "CBM 148 Extra"]
[Source "ChessBase"]
[SourceDate "2012.06.22"]
[SourceVersion "1"]
[SourceVersionDate "2012.06.22"]
[SourceQuality "1"]

1. c4 Nf6 2. Nc3 g6 3. e4 d6 4. f4 Bg7 5. Be2 0-0 6. g4 c5 7. h4 Nc6 8. h5 Nd4 9. hxg6 fxg6 10. g5 Ne8 11. d3 Nc7 12. a4 e5 13. f5 gxf5 14. exf5 Bxf5 15. Ne4 Nce6 16. Bg4 Nc2+ 17. Qxc2 Bxg4 18. Qg2 Bf5 19. Ne2 Bg6 20. Bd2 a6 21. a5 Rb8 22. N2c3 Nd4 23. Be3 Nf5 24. Nd5 b5 25. axb6 Rxb6 26. 0-0-0 Rb8 27. Bd2 a5 28. Nef6+ Bxf6 29. gxf6 Kf7 30. Rdf1 Rg8 31. Ne7 Qb6 32. Qd5+ Ke8 33. Nxf5 Qxb2+ 34. Kd1 Bh5+ 35. Rxh5 Qb1+ 36. Ke2 1-0